Tschuwaschische Pluralsuffixe

Elmentve itt :
Bibliográfiai részletek
Szerző: Pricak Omelân
Dokumentumtípus: Cikk
Megjelent: Harrassowitz Wiesbaden 1957
Sorozat:Studia altaica : Festschrift für Nikolaus Poppe zum 60. Geburtstag
Kulcsszavak:Csuvas nyelv
Tárgyszavak:
Online Access:http://misc.bibl.u-szeged.hu/62009
LEADER 00807nab a2200241 i 4500
001 misc62009
005 20230301141306.0
008 230202s1957 hu o 0|| ger d
040 |a SZTE Miscellanea Repozitórium  |b hun 
041 |a ger 
041 |a chv 
100 1 |a Pricak Omelân 
245 1 0 |a Tschuwaschische Pluralsuffixe  |h [elektronikus dokumentum] /  |c  Pricak Omelân 
260 |a Harrassowitz  |b Wiesbaden  |c 1957 
300 |a 137-155  |c 24 cm 
300 |a [19] p.  |c 24 cm 
490 0 |a Studia altaica : Festschrift für Nikolaus Poppe zum 60. Geburtstag 
561 |a Németh Gyula hagyaték 
591 |a LOA 2907; NOA 4700 
650 4 |a Bölcsészettudományok 
650 4 |a Nyelvek és irodalom 
695 |a Csuvas nyelv 
856 4 0 |u http://misc.bibl.u-szeged.hu/62009/1/4700_noa.pdf  |z Dokumentum-elérés